01348nam a2200289Ia 450000500170000000800410001702000140005808200190007210000350009124501440012625000190027030000430028950400270033265000410035965000390040065100390043994200120047826400300049033600270052033700330054733800280058004000350060899900150064395201310065895201350078995201340092420220317000810.0160601s1999 ck a g 000 0 spa  a95890593104a986.151 bA77p1 aArriaga Copete, Libardod1930-13aEl proceso histórico del departamento del Chocóby sus gobernantes en los primeros cincuenta años, 1948-1988 cLibardo Arriaga Copete a1a. edición  a111 páginas bilustraciones c23 cm  aIncluye bibliografía142LEMBaPolíticos zChoco (Colombia)142LEMB aParticipación política  4aChoco (Colombia)xHistoria 954663 2ddccBK aBogotá bMarderc[1999] atextobtxt2rdacontent asin mediaciónbn2rdamedia avolumenbnc2rdacarrier aCO-BoRNBPbspaerdacCO-BoRNBP c5091d5091 00102ddc40708GENaMEPRICObMEPRICOcGENd2023-04-11l0o986.151A77ppPR00000905r2023-04-11 00:00:00tEj.1w2023-04-11yBK 00102ddc40708GENaMEMAPIRIbMEMAPIRIcGENd2024-01-11l0o986.151 A77ppMAP00001699r2024-01-11 14:46:36tEj.1w2024-01-11yBK 00102lcc40708GENaMEPCONCObMEPCONCOcGENd2026-03-13l0o986.151 A77ppPCON02626r2026-03-13 13:37:06tEj.1w2026-03-13yBK